000
00330nam a2200145Ia 4500
008
150201s2006 xx 000 0 und d
082
_a
617
_b
R06P
100
_a
PANDA, U.N.
245
_a
REVIEW OF SURGERY
250
_a
3RD
260
_b
JAYPEE BROTHERS
_a
DELHI
_c
2006
300
_a
1-612
650
_a
SURGERY
942
_2
ddc
_c
BK
_0
1
999
_c
149
_d
149